| 000 | 00000nam##2200000za#4500 |
| 001 | 9.651191 |
| 003 | CaOODSP |
| 005 | 20210615114829 |
| 007 | ta |
| 008 | 150407|2008||||xxc||||| f|0| 0 eng|d |
| 020 | |a978-0-662-48674-9 |
| 040 | |aCaOODSP|beng |
| 043 | |an-cn--- |
| 086 | 1 |aFs104-16/2008E |
| 110 | 1 |aCanada. |bDepartment of Fisheries and Oceans. |
| 245 | 10|aMusquash Estuary Marine Protected Area |
| 260 | |bFisheries and Oceans Canada |cc2008. |
| 300 | |a1 sheet ([2]p.) : |bcoloured map, photographs ; |c28 cm. |
| 563 | |aPamphlet |
| 590 | |a10-43|b2010-10-29 |
| 690 | 07|aMarine conservation areas|2gcpds |
| 775 | 08|tZone de protection marine de l'estuaire de la Musquash |w(CaOODSP)9.684236 |
| 776 | 0#|tMusquash Estuary Marine Protected Area |w(CaOODSP)9.691016 |
| 986 | |aDFO/2008-1452 |